| 000 | 00330nam a2200109Ia 4500 | ||
|---|---|---|---|
| 008 | 210430s9999 xx 000 0 und d | ||
| 082 | _a515T449 T | ||
| 100 |
_aGeroge B Thomas, Maurice D Weir, Joel Hass, Frank R Giordano _9127701 |
||
| 245 |
_aThomas Calculus / _cGeorge b. Thomas, jr |
||
| 250 | _a11th edition | ||
| 942 |
_cBK _2ddc |
||
| 999 |
_c563672 _d563672 |
||